♫ "this is what falling in love feels like" - Lyrics - JVKE ♫ - Statistics

General Stats
  • This quiz has been taken 87 times
  • The average score is 138 of 166
Answer Stats
Lyric % Correct
I
98%
(ooh)
98%
is
96%
like
96%
love,
96%
love
96%
Mh-mh-mh-mh-mh-mmh,
96%
this
96%
This
96%
falling,
95%
falling
95%
Feel
93%
feel
93%
in
93%
it
93%
know
93%
my
93%
My
93%
on
93%
So
91%
me
89%
of
89%
you
89%
You
89%
a
87%
skin
87%
sun
87%
super
87%
But
85%
cliche'
85%
some
84%
way
84%
make
82%
sounds
80%
got
78%
Got
78%
type
78%
the
76%
and
75%
What
75%
lot
65%
mind
64%
end
62%
to
62%
day
60%
say?
60%
baby
56%
looking
53%
never
53%
plate
53%
we
53%
forward
49%
past,
49%
about
47%
forget
47%
more
47%
throw
47%
yeah
47%
(yeah)
47%
going
45%
trash
44%
back
42%
had
42%
Just
42%
life
42%
we're
40%
Live
38%
No matching quizzes found
Score Distribution
Percent of People with Each Score
Percentile by Number Answered
Your Score History
You have not taken this quiz